<?xml version="1.0" encoding="UTF-8"?>
<collection xmlns="http://www.loc.gov/MARC21/slim">
 <record>
  <leader>06262nam a2200397 a 4500</leader>
  <controlfield tag="001">kal1226</controlfield>
  <controlfield tag="003">Gr-AtHEAL</controlfield>
  <controlfield tag="005">20160425103701.0</controlfield>
  <controlfield tag="006">m        d        </controlfield>
  <controlfield tag="008">160413s2015    gr      s           gre|c</controlfield>
  <datafield tag="020" ind1=" " ind2=" ">
   <subfield code="a">9789606031090</subfield>
  </datafield>
  <datafield tag="040" ind1=" " ind2=" ">
   <subfield code="a">GR-AtHEAL</subfield>
   <subfield code="b">gre</subfield>
   <subfield code="c">GR-AtHEAL</subfield>
  </datafield>
  <datafield tag="082" ind1="0" ind2="4">
   <subfield code="a">658</subfield>
   <subfield code="2">23</subfield>
  </datafield>
  <datafield tag="100" ind1="1" ind2=" ">
   <subfield code="a">Κύρκος, Ευστάθιος.</subfield>
   <subfield code="8">1247</subfield>
  </datafield>
  <datafield tag="245" ind1="1" ind2="0">
   <subfield code="a">Επιχειρηματική ευφυΐα και εξόρυξη δεδομένων</subfield>
   <subfield code="h">[Ηλεκτρονικός πόρος] </subfield>
   <subfield code="b">Ανακάλυψη γνώσης για τη λήψη επιχειρηματικών αποφάσεων</subfield>
   <subfield code="c">Κύρκος, Ευστάθιος ; Κριτικός αναγνώστης,Συμεωνίδης, Παναγιώτης ; Τεχνική επιμέλεια,Παπαβασιλείου, Σπυρίδων.</subfield>
  </datafield>
  <datafield tag="260" ind1=" " ind2=" ">
   <subfield code="a">Αθήνα :</subfield>
   <subfield code="b">Σύνδεσμος Ελληνικών Ακαδημαϊκών Βιβλιοθηκών,</subfield>
   <subfield code="c">c2015.</subfield>
  </datafield>
  <datafield tag="490" ind1=" " ind2=" ">
   <subfield code="a">Ακαδημαϊκά Ηλεκτρονικά Συγγράμματα και Βοηθήματα Κάλλιπος</subfield>
   <subfield code="8">40</subfield>
  </datafield>
  <datafield tag="520" ind1=" " ind2=" ">
   <subfield code="a">Η Επιχειρηματική Ευφυΐα, δηλαδή η εφαρμογή εξελιγμένων τεχνικών για την ανάλυση επιχειρηματικών δεδομένων και την υποστήριξη της λήψης αποφάσεων αποτελεί μια τεχνολογία αιχμής που προκαλεί με αυξανόμενο ρυθμό το ενδιαφέρον του επιχειρηματικού κόσμου. Παλαιότερα η Επιχειρηματική Ευφυΐα ταυτιζόταν με τα παραδοσιακά Συστήματα Υποστήριξης Αποφάσεων. Αργότερα οι Αποθήκες Δεδομένων και οι τεχνικές OLAP εμπλούτισαν το φάσμα των εφαρμοζόμενων τεχνικών. Στη σημερινή εποχή, με την καθιέρωση του κλάδου της Εξόρυξης Δεδομένων, προσφέρονται πρωτόγνωρες δυνατότητες για την ανακάλυψη γνώσης, την βελτίωση της λήψης αποφάσεων και την αναβάθμιση της διοίκησης των επιχειρήσεων. Το προτεινόμενο σύγγραμμα απευθύνεται σε μελλοντικά στελέχη επιχειρήσεων. Σκοπός του είναι να εξοικειώσει τον αναγνώστη με τις δυνατότητες και τις εφαρμοζόμενες μεθοδολογίες της σύγχρονης Επιχειρηματικής Ευφυΐας. Επίσης η θεματολογία του συγγράμματος είναι αρκετά ευρεία. Αρχικά γίνεται αναφορά στις βασικές έννοιες της Επιχειρηματικής Ευφυΐας. Ακολούθως, παρουσιάζονται τα παραδοσιακά Συστήματα Υποστήριξης Αποφάσεων. Ένα κεφάλαιο αναφέρεται στα προβλήματα διαχείρισης έργων Επιχειρηματικής Ευφυΐας. Τα μοντέλα διαφόρων τύπων για την διεξαγωγή αναλύσεων αποτελεί το αντικείμενο ενός επιπλέον κεφαλαίου. Ακολουθεί η θεματική ενότητα των Αποθηκών Δεδομένων και των τεχνικών OLAP. Ιδιαίτερη έμφαση δίνεται στις μεθοδολογίες Εξόρυξης Δεδομένων. Με ειδικά κεφάλαια καλύπτονται η προεπεξεργασία των δεδομένων, οι Κανόνες Συσχέτισης, η Κατηγοριοποίηση και η Ανάλυση Συστάδων. Γίνεται αναφορά σε ειδικά πρακτικά ζητήματα της εξόρυξης δεδομένων όπως πχ η επιλογή σημαντικών χαρακτηριστικών, η ανισοκατανομή των κλάσεων και η διαφοροποίηση του κόστους σφάλματος κατηγοριοποίησης. Η ύλη του συγγράμματος εμπλουτίζεται με παραδείγματα εφαρμογής των σχετικών μεθοδολογιών σε προβλήματα ανάλυσης επιχειρηματικών δεδομένων. Επίσης, το τελευταίο κεφάλαιο του βιβλίου εισάγει τον αναγνώστη στο λογισμικό εξόρυξης δεδομένων WEKA.</subfield>
  </datafield>
  <datafield tag="650" ind1=" " ind2="0">
   <subfield code="a">Business</subfield>
   <subfield code="x">Data processing</subfield>
   <subfield code="8">2395</subfield>
  </datafield>
  <datafield tag="650" ind1=" " ind2="0">
   <subfield code="a">Data mining</subfield>
   <subfield code="8">2396</subfield>
  </datafield>
  <datafield tag="653" ind1=" " ind2=" ">
   <subfield code="a">Λήψη αποφάσεων</subfield>
  </datafield>
  <datafield tag="653" ind1=" " ind2=" ">
   <subfield code="a">Αναλυτική των επιχειρήσεων</subfield>
  </datafield>
  <datafield tag="653" ind1=" " ind2=" ">
   <subfield code="a">Ανάλυση συστάδων</subfield>
  </datafield>
  <datafield tag="653" ind1=" " ind2=" ">
   <subfield code="a">Κατηγοριοποίηση</subfield>
  </datafield>
  <datafield tag="653" ind1=" " ind2=" ">
   <subfield code="a">Κανόνες συσχέτισης</subfield>
  </datafield>
  <datafield tag="653" ind1=" " ind2=" ">
   <subfield code="a">Προεπεξεργασία δεδομένων</subfield>
  </datafield>
  <datafield tag="653" ind1=" " ind2=" ">
   <subfield code="a">Συστήματα λήψης αποφάσεων</subfield>
  </datafield>
  <datafield tag="653" ind1=" " ind2=" ">
   <subfield code="a">Επιχειρηματική ευφυΐα</subfield>
  </datafield>
  <datafield tag="653" ind1=" " ind2=" ">
   <subfield code="a">Επιστήμη υπολογιστών/πληροφορική</subfield>
   <subfield code="a">Διαχείριση πληροφορίας</subfield>
   <subfield code="a">Εξόρυξη δεδομένων</subfield>
  </datafield>
  <datafield tag="653" ind1=" " ind2=" ">
   <subfield code="a">Οικονομικές επιστήμες</subfield>
   <subfield code="a">Μαθηματικές και ποσοτικές μέθοδοι</subfield>
   <subfield code="a">Συλλογή δεδομένων και μεθοδολογία εκτίμησης δεδομένων, προγράμματα ηλεκτρονικών υπολογιστών</subfield>
  </datafield>
  <datafield tag="700" ind1="1" ind2=" ">
   <subfield code="a">Συμεωνίδης, Παναγιώτης</subfield>
   <subfield code="e">Κριτικός αναγνώστης</subfield>
   <subfield code="8">1248</subfield>
  </datafield>
  <datafield tag="856" ind1="4" ind2="0">
   <subfield code="u">http://hdl.handle.net/11419/1226</subfield>
   <subfield code="z">Πλήρες Κείμενο - Full text</subfield>
  </datafield>
  <datafield tag="907" ind1=" " ind2=" ">
   <subfield code="a">.b25680766</subfield>
   <subfield code="b">12-06-18</subfield>
   <subfield code="c">29-07-16</subfield>
  </datafield>
  <datafield tag="949" ind1=" " ind2=" ">
   <subfield code="0">0</subfield>
   <subfield code="1">0</subfield>
   <subfield code="2">ddc</subfield>
   <subfield code="4">0</subfield>
   <subfield code="6">658_000000000000000_ΚΥΡ</subfield>
   <subfield code="7">0</subfield>
   <subfield code="8">KALL</subfield>
   <subfield code="8">835</subfield>
   <subfield code="d">2016-04-13</subfield>
   <subfield code="r">2016-04-13</subfield>
   <subfield code="w">2016-04-13</subfield>
   <subfield code="z">658 ΚΥΡ</subfield>
   <subfield code="o">SEAB KALLIPOS</subfield>
  </datafield>
  <datafield tag="998" ind1=" " ind2=" ">
   <subfield code="a">80</subfield>
   <subfield code="a">01</subfield>
   <subfield code="a">02</subfield>
   <subfield code="a">03</subfield>
   <subfield code="a">04</subfield>
   <subfield code="a">05</subfield>
   <subfield code="a">06</subfield>
   <subfield code="a">07</subfield>
   <subfield code="a">08</subfield>
   <subfield code="a">09</subfield>
   <subfield code="a">10</subfield>
   <subfield code="a">11</subfield>
   <subfield code="a">12</subfield>
   <subfield code="a">13</subfield>
   <subfield code="a">14</subfield>
   <subfield code="a">15</subfield>
   <subfield code="a">16</subfield>
   <subfield code="a">17</subfield>
   <subfield code="a">18</subfield>
   <subfield code="a">19</subfield>
   <subfield code="a">20</subfield>
   <subfield code="a">21</subfield>
   <subfield code="a">22</subfield>
   <subfield code="a">23</subfield>
   <subfield code="a">24</subfield>
   <subfield code="a">25</subfield>
   <subfield code="a">26</subfield>
   <subfield code="b">22-05-17</subfield>
   <subfield code="c">m</subfield>
   <subfield code="d">z  </subfield>
   <subfield code="e">-</subfield>
   <subfield code="f">gre</subfield>
   <subfield code="g">gr </subfield>
   <subfield code="h">0</subfield>
  </datafield>
  <datafield tag="942" ind1=" " ind2=" ">
   <subfield code="2">ddc</subfield>
   <subfield code="c">KALLIPOS</subfield>
  </datafield>
 </record>
</collection>
